| 000 | 01035na a2200349 4500 | ||
|---|---|---|---|
| 001 | 14529 | ||
| 003 | MIRAKIL | ||
| 005 | 20181213155312.0 | ||
| 008 | 161101b tu 000 0 | ||
| 020 | _a975617661x | ||
| 035 | _a14529 | ||
| 040 |
_aMilas _btur _cTR-AnCHP |
||
| 041 | _atur | ||
| 082 |
_a305.5 _bM26y 2006 |
||
| 090 | _a305.5 M26y 2006 | ||
| 100 | _aMarshall, T.H. | ||
| 245 |
_aYurttaşlık ve toplumsal sınıflar _cT.H. Marshall, Tom Bottomore ; çeviren Ayhan Kaya |
||
| 260 |
_aİstanbul _bİstanbul Bilgi Üniversitesi Yayınları _c2006 |
||
| 300 |
_a145 s. _c23 sm. |
||
| 490 |
_aSiyaset Bilimi _v17 |
||
| 490 |
_aİstanbul Bilgi Üniversitesi yayınları _v138 |
||
| 504 | _aKaynakça ve dizin var. | ||
| 650 | _aSosyal tarih | ||
| 650 | _aSosyalizm | ||
| 650 | _aToplumsal çatışma | ||
| 650 |
_aSivil haklar _zAvrupa |
||
| 650 |
_aEşitlik _zAvrupa |
||
| 650 |
_aSosyal sınıflar _xYurttaşlık hakları _zAvrupa |
||
| 650 | _aYurttaşlık | ||
| 700 | _aKaya, Ayhan | ||
| 942 |
_2ddc _cBKS |
||
| 999 |
_c10235 _d10235 |
||